000 01267nam2a22003011 4500
001 v19\rc\1920676
005 20260406112954.0
035 _a(NLR Aleph) 005265779
090 _a5947849
_c5947849
100 _a20080404d1913 u y0rusy50 ca
101 0 _arus
102 _aRU
105 _ay z |||||
200 1 _a"Дворянское гнездо"
210 _d1913
215 _a32 с.
461 0 _1001v19\rc\1920673
_12001#$aПланы и сочинения$eКурс 8 кл.$eТемничек 1-$fАлександр Гусев$vТемничек 4
_95947822
_aГусев, А.
_cОдесса
_d1912-1913
_fАлександр Гусев
_n"Порядок" С.К. Цесарского
_oКурс 8 кл. : Темничек 1-
_tПланы и сочинения
_vТемничек 4
500 1 0 _6z04702
_aДворянское гнездо
532 1 3 _aДворянское гнездо
702 1 _4570
_7ca
_8rus
_aТургенев
_bИ. С.
_f1818-1883
_gИван Сергеевич
_9110198
_3RU\NLR\AUTH\77102
801 0 _aRU
_bNLR
_c20080404
_gpsbo
801 0 _aRU
_bRuMoRGB
_c20080404
_2psbo
801 1 _aRU
_bProSoft-M
_c20080404
_2rusmarc
801 2 _aRU
_bNLR
_c20080625
_2rusmarc
852 _aNLR
_j20.93.9.308(4)
942 _cBOOK
980 _aNB